al-Qāmūs al-ḥadīth, Almānī-ʻArabī. (Record no. 47427)

MARC details
000 -LEADER
fixed length control field 00583cam a22002291 4500
001 - CONTROL NUMBER
control field ne 64002380
003 - CONTROL NUMBER IDENTIFIER
control field DLC
005 - DATE AND TIME OF LATEST TRANSACTION
control field 20260227111805.0
008 - FIXED-LENGTH DATA ELEMENTS--GENERAL INFORMATION
fixed length control field 890331s1963 xx b d 000 0 ara
010 ## - LIBRARY OF CONGRESS CONTROL NUMBER
LC control number ne 64002380
035 ## - SYSTEM CONTROL NUMBER
System control number (OCoLC)23499474
040 ## - CATALOGING SOURCE
Original cataloging agency DLC
Transcribing agency MiU
Modifying agency DLC
041 0# - LANGUAGE CODE
Language code of text/sound track or separate title undara
042 ## - AUTHENTICATION CODE
Authentication code premarc
050 00 - LIBRARY OF CONGRESS CALL NUMBER
Classification number PJ6645.G5
Item number M3
100 1# - MAIN ENTRY--PERSONAL NAME
Personal name Masarrah, Tawfīq.
245 13 - TITLE STATEMENT
Title al-Qāmūs al-ḥadīth, Almānī-ʻArabī.
260 ## - PUBLICATION, DISTRIBUTION, ETC.
Date of publication, distribution, etc. [1963]
300 ## - PHYSICAL DESCRIPTION
Extent 642 p.
Other physical details map.
Dimensions 21 cm.
500 ## - GENERAL NOTE
General note Romanized.
650 #0 - SUBJECT ADDED ENTRY--TOPICAL TERM
Topical term or geographic name entry element German language
General subdivision Dictionaries
-- Arabic.

No items available.

Powered by Koha